000 00620nam a2200229 i 4500
001 C2-0231354
003 PPAK
005 20180728084442.0
008 001119s1958 ctu |||| ||||| | eng d
040 _aPPAK
_beng
_cPPAK
_erda
082 0 4 _a793.74
_223
090 0 0 _a793.74
_bMEY
_dKSI
100 1 _aMeyer, Jerome S.,
_eauthor
245 1 0 _aFun with mathematics
264 1 _aGreenwich :
_bFawceit Publications ,
_c1958
300 _aviii, 176 pages ;
_c18 cm
336 _2rdacontent
_atext
337 _2rdamedia
_aunmediated
338 _2rdacarrier
_avolume
650 1 0 _amathematical games
942 _ddc
_cB
999 _c150757
_d150757